000 00306nam a22001337a 4500
008 170222b xxu||||| |||| 00| 0 eng d
020 _a0812106237
041 _aeng
080 _a616 31
100 _a5
101 _aSHS
245 _aDENTAL SPECIALTIES FOR DENTAL HYGIENIST
_cP.F STEELE
942 _2udc
_cBK
999 _c6015
_d6015